Statistiche per Ricostruisci la Carriera del Calciatore - Daley Blind

Clicka qui per fare il quiz!

Statistiche generali

  • Questo quiz è stato fatto 4 volte
  • Il punteggio medio è 6 su 7

Statistiche sulle risposte

HintRisposta% Corretto
2018-2022 Ajax
100%
2023 Bayern Monaco
100%
2023- Girona
100%
2010Groningen
100%
2010-2014 Ajax
67%
2014-2018 Manchester Utd
67%
2008-2010 Ajax
33%

Distribuzione punteggi

Percentile per numero di risposta

Percentuale di utenti per punteggio

I tuoi punteggi nel tempo

Non hai fatto questo quiz